000 00400nam a2200157Ia 4500
008 240729s9999 xx 000 0 und d
022 _a2590-0420
245 4 _aThe Journal of Pediatrics: X
260 _aUnited States
260 _bElsevier
650 _a Pediatrics
650 _aMedicine
856 _uhttps://doaj.org/toc/c2dd15537447409fa1edb443c453c757
942 _2ddc
942 _cDOAJEJ
999 _c69103
_d69103
945 _a1
_bMadushi Gamage
_c1
_dMadushi Gamage